El Condado en el Reino Unido y en los Estados Unidos. (Record no. 189792)

MARC details
000 -LEADER
campo de control de longitud fija 00974nam a2200229 i 4500
001 - NÚMERO DE CONTROL
campo de control 189792
003 - IDENTIFICADOR DE NÚMERO DE CONTROL
campo de control ES-MaACL
005 - FECHA Y HORA DE LA ÚLTIMA TRANSACCIÓN
campo de control 20250817063137.0
008 - DATOS DE LONGITUD FIJA--INFORMACIÓN GENERAL
campo de control de longitud fija 191126s1966 sp |||| | spa d
245 03 - MENCIÓN DEL TÍTULO
Título El Condado en el Reino Unido y en los Estados Unidos.
260 ## - PUBLICACIÓN, DISTRIBUCIÓN, ETC.
Lugar de publicación, distribución, etc. Barcelona :
Nombre del editor, distribuidor, etc. Instituto de Ciencias Sociales, Diputación Provincial,
Fecha de publicación, distribución, etc. 1966.
300 ## - DESCRIPCIÓN FÍSICA
Extensión 264 p. ;
Dimensiones 27 cm.
490 1# - MENCIÓN DE SERIE
Mención de serie Colección de ciencias sociales (Instituto de Ciencias Sociales, Barcelona) ;
Designación de volumen o secuencia 4
RLIN 241794
650 #4 - PUNTO DE ACCESO ADICIONAL DE MATERIA--TÉRMINO DE MATERIA
Término de materia o nombre geográfico como elemento de entrada Administración provincial-
Subdivisión geográfica Gran Bretaña.
9 (RLIN) 168888
650 #4 - PUNTO DE ACCESO ADICIONAL DE MATERIA--TÉRMINO DE MATERIA
Término de materia o nombre geográfico como elemento de entrada Administración provincial-
Subdivisión geográfica Estados Unidos.
9 (RLIN) 168889
710 0# - ENTRADA AGREGADA--NOMBRE DE ENTIDAD CORPORATIVA
Nombre de entidad corporativa o nombre de jurisdicción como elemento de entrada Instituto de Ciencias Sociales (Barcelona)
9 (RLIN) 4842
711 2# - ENTRADA AGREGADA--NOMBRE DE REUNIÓN
Nombre de congreso/reunión o jurisdicción como elemento de entrada Semana Internacional de la Provincia (
Número del congreso/reunión o número de parte o sección 1ª.
Fecha del congreso o de la firma del tratado 1965.
Sede del congreso/Lugar de la reunión Barcelona)
9 (RLIN) 168887
830 #0 - PUNTO DE ACCESO ADICIONAL DE SERIE-TÍTULO UNIFORME
Título uniforme Colección de ciencias sociales (Instituto de Ciencias Sociales, Barcelona) ;
Designación de volumen o secuencia 4
9 (RLIN) 241794
852 ## - LOCALIZACIÓN
Ubicación ES-MaACL
Número de control de estantería P-1087-4
942 ## - ELEMENTOS DE ENTRADA SECUNDARIOS (KOHA)
Fuente del sistema de clasificación o colocación Clasificación decimal universal
Holdings
Estatus retirado Estado de pérdida Estado de daño No para préstamo Biblioteca de origen Biblioteca actual Ubicación en estantería Fecha de adquisición Fuente de adquisición Total de préstamos Signatura topográfica completa Código de barras Visto por última vez Precio de reemplazo Tipo de ítem Koha
        Biblioteca del Ateneo de Madrid Biblioteca del Ateneo de Madrid Depósito 2 26/11/2019     P-1087-4 1201302 23/02/2023 23/02/2023 Libro impreso